Adhesives technology handbook /
Guardado en:
| Autor Principal: | |
|---|---|
| Formato: | Libro |
| Idioma: | English |
| Publicado: |
Park Ridge, N.J., U.S.A. :
Noyes Publications,
c1985.
|
| Materias: | |
| Acceso en línea: | Descripción Tabla de contenido |
| Etiquetas: |
Agregar Etiqueta
Sin Etiquetas, Sea el primero en etiquetar este registro!
|
| LEADER | 00964pam a22002535a 4500 | ||
|---|---|---|---|
| 001 | EIQ.libpla003703 | ||
| 008 | 850709s1985####njua#####b####001#0#eng#d | ||
| 005 | 20080303191451.0 | ||
| 245 | 1 | 0 | |a Adhesives technology handbook / |c by Arthur H. Landrock. |
| 260 | |a Park Ridge, N.J., U.S.A. : |b Noyes Publications, |c c1985. | ||
| 300 | |a xxiv, 444 p. : |b il. ; |c 24 cm. | ||
| 504 | |a Incluye referencias bibliográficas e índice. | ||
| 020 | |a 0815510403 | ||
| 100 | 1 | |a Landrock, Arthur H. | |
| 082 | 0 | 0 | |a 620.1/99 |2 19 |
| 650 | 4 | |a Polímeros |x Adhesivos. | |
| 650 | 4 | |a Adhesivos |x Handbooks, manuales, etc. | |
| 650 | 0 | |a Adhesives |x Handbooks, manuals, etc. | |
| 650 | 5 | |a Polymers |x Adhesives. | |
| 010 | |a 85015329 | ||
| 040 | |a DLC |c DLC |d AR-BbSID | ||
| 856 | 4 | 2 | |3 Descripción |u http://www.loc.gov/catdir/description/wap041/85015329.html |
| 856 | 4 | 1 | |3 Tabla de contenido |u http://www.loc.gov/catdir/toc/wap041/85015329.html |
| 859 | |a AR-BbSID |b BIB. PLAPIQUI |h 620.199 |i L 22 |p 5043 | ||
